Report of the Taxation Enquiry Commission 1953-54 (Record no. 507643)

000 -LEADER
fixed length control field 00385nam a2200133 4500
082 ## - DEWEY DECIMAL CLASSIFICATION NUMBER
Classification number L2x54 In2/v.4/pt.1
100 ## - MAIN ENTRY--PERSONAL NAME
Personal name India. Ministry of Finance
9 (RLIN) 2117
245 ## - TITLE STATEMENT
Title Report of the Taxation Enquiry Commission 1953-54
Statement of responsibility, etc by Ministry of Finance
260 ## - PUBLICATION, DISTRIBUTION, ETC. (IMPRINT)
Place of publication, distribution, etc Delhi
Name of publisher, distributor, etc Manager of Publications
Date of publication, distribution, etc 1955
300 ## - PHYSICAL DESCRIPTION
Extent 323p.
440 ## - SERIES STATEMENT/ADDED ENTRY--TITLE
Volume number/sequential designation IV
9 (RLIN) 2118
500 ## - GENERAL NOTE
General note Vol. IV: Evidence
942 ## - ADDED ENTRY ELEMENTS (KOHA)
Source of classification or shelving scheme
Holdings
Withdrawn status Lost status Source of classification or shelving scheme Damaged status Koha normalized classification for sorting Not for loan Permanent location Current location Date acquired Full call number Barcode Date last seen Price effective from Koha item type
        L_2X54_IN2_V_4_000000000000000_PT_1   Indian Institute of Public Administration Indian Institute of Public Administration 2019-02-20 L2x54 In2/v.4/pt.1 GG34218 2019-02-20 2019-02-20 GG

Powered by Koha